| 000 | 02086cam a22004934i 4500 | ||
|---|---|---|---|
| 003 | PE-LiUPU | ||
| 005 | 20250731172955.0 | ||
| 008 | 150623s1997 miua rb 000 0 eng d | ||
| 020 | _a0801021065 | ||
| 035 | _a(Sirsi) i9780801021060 | ||
| 040 |
_aPE-LiUPU _bspa _cPE-LiUPU _erda |
||
| 049 | _aPRUA | ||
| 082 | 0 | 4 |
_a268 _bP33 _221 |
| 100 | 1 |
_aPazmiño, Robert W., _eautor. |
|
| 245 | 1 | 0 |
_aFoundational issues in Christian Education : _ban introduction in evangelical perspective / _cRobert W. Pazmiño. |
| 264 | 1 |
_aGrand Rapids, Michigan : _bBaker Book House, _c1997. |
|
| 300 |
_a267 páginas : _bilustraciones ; _c23 centímetros |
||
| 336 |
_atext _2rdacontent |
||
| 337 |
_aunmediated _2rdamedia |
||
| 338 |
_avolume _2rdacarrier |
||
| 504 | _aIncluye bibliografía. | ||
| 505 | 0 | _aBiblical foundations --Theological foundations -- Philosophical foundations -- Historical foundations -- Sociological foundtions -- Psychological foundations -- Curricular foundations. | |
| 526 | _aSEG42 | ||
| 526 | _aSEG41 | ||
| 526 | _aSEG40 | ||
| 526 | _aSEG39 | ||
| 526 | _aP94 | ||
| 526 | _aP87 | ||
| 526 | _aP86 | ||
| 526 | _aP85 | ||
| 526 | _aP77 | ||
| 526 | _aP76 | ||
| 526 | _aP35 | ||
| 650 | 0 | 4 | _aEducación cristiana. |
| 942 |
_2ddc _cBOOK |
||
| 949 |
_a268 P33 _wDEWEY _c1 _i42685 _d2016-3-31 _e2016-3-31 _lCCODEBUL1 _mBUL _n1 _r0 _sY _tBOOK _u2015-6-24 _xTEOLOGIA _PP35 _0COMPRA _o.STAFF. Colección General |
||
| 949 |
_a268 P33 _wDEWEY _c2 _i45799 _lCCODEBUL1 _mBUL _r0 _sY _tBOOK _u2015-6-24 _xTEOLOGIA _PP35 _0COMPRA _o.STAFF. Colección General |
||
| 994 |
_aC0 _bPEPRU |
||
| 596 | _a1 | ||
| 999 |
_a268 P33 _wDEWEY _c22086 _i42685 _d22086 _e2016-3-31 _f2021-11-10 _g5 _lCCODEBUL1 _mBUL _n1 _p26.48 _q3 _r0 _sY _tBOOK _u2015-6-24 _xTEOLOGIA _PP35 _0COMPRA _o.STAFF. Colección Teología |
||
| 999 |
_a268 P33 _wDEWEY _c2 _i45799 _d2018-7-3 _e2017-3-26 _f2021-11-10 _g5 _lCCODEBUL1 _mBUL _n1 _p26.48 _q1 _r0 _sY _tBOOK _u2015-6-24 _xTEOLOGIA _PP35 _0COMPRA _o.STAFF. Colección Teología |
||
| 980 |
_81 _gALBERTO SANCHEZ Responsable de Automatización |
||